Statistics for Countries of Australian Open winners (Male)

Click here to take the quiz!

General Stats

  • This quiz has been taken 24 times
  • The average score is 12 of 15

Answer Stats

Number of WinsAnswer% Correct
50Australia
100%
1Spain
100%
7Switzerland
100%
19United States
100%
2Germany
96%
5United Kingdom
96%
1France
92%
2Russia
88%
6Serbia
88%
6Sweden
83%
2Argentina
79%
2New Zealand
71%
1Czechia
54%
1South Africa
46%
2Czechoslovakia
33%

Score Distribution

Percentile by Number Answered

Percent of People with Each Score

Your Score History

You have not taken this quiz